RAYMOND Williams a short counter-revolution-towards 2000 revisited

Guardat en:
Dades bibliogràfiques
Autor principal: edited by MCGUIGAN, Jim
Format: Llibre
Idioma:anglès
Publicat: Sage Publications 2015
Etiquetes: Afegir etiqueta
Sense etiquetes, Sigues el primer a etiquetar aquest registre!

MARC

LEADER 00000nam a22000007a 4500
008 210330b ||||| |||| 00| 0 eng d
020 |a 978-1-4462-9472-7 
100 |a edited by MCGUIGAN, Jim 
245 |a RAYMOND Williams  |b a short counter-revolution-towards 2000 revisited  |c edited by Jim Mcguigan  |g xiv; 233p. 
250 |c edited by MCGUIGAN, Jim 
260 |b Sage Publications  |c 2015  |h Los Angeles  |i 692100  |i 692101  |l HN15.5 .R21  |m Social history. 
500 |a “It includes index” 
942 |a lcc  |c BK  |e YUNUSA, A.A.   |f 30/03/21 
952 |0 0  |1 0  |2 lcc  |4 0  |6 HN00155 R21  |7 0  |9 1993  |a HOL  |b HOL  |c GJ  |d 2021-03-30  |l 0  |o HN15.5 .R21  |p 2021-5854  |r 2021-03-30 00:00:00  |w 2021-03-30  |y BK 
952 |0 0  |1 0  |2 lcc  |4 0  |6 HN00155 R21  |7 0  |9 1994  |a HOL  |b HOL  |c GJ  |d 2021-03-30  |l 0  |o HN15.5 .R21  |p 2021-5855  |r 2021-03-30 00:00:00  |w 2021-03-30  |y BK 
999 |c 1045  |d 1045